harry potter et le prisonnier d'azkaban - Statistiques

Statistiques générales
  • Ce quiz a été pris 149 fois
  • Le résultat moyen est 5 sur 11
Statistiques - réponses
information a trouver réponse % Correct
qui est le prisonier d'azkaban sirius black
100%
qui dit: ceux qui nous aiment ne nous quittent jamais vraiment.on peut toujours les retrouver...là sirius black
100%
qui dit: penser au professeur rogue avec les habit de votre grand-mère ! remus lupin
64%
qui donne un coup de poing a draco malfoy hermione
58%
que donne remus lupin à harry après l'ataque du détraqueur dans le poudlard expèss du chocolat
48%
quel est le patronus corporel de harry un cerf
47%
qu'es que l'animagus de sirius black un chien
45%
qu'es que l'animagus de peter pettigrew un rat
45%
qui est buck un hippogriffe
41%
quel est la nature de remus lupin loups garou
2%
pourquoi buck est condamnée il a bléssé malfoy
1%
Aucun quiz correspondant
Distribution des résultats
% des personnes avec chaque résultat
Percentile par nombre de réponses
Votre historique - résultats
Vous n’avez pas pris ce quiz